Online
Catalog

La música cubana. / (Record no. 41014)

MARC details
000 -CABECERA
campo de control de longitud fija 00723nam a2200217 a 4500
001 - NÚMERO DE CONTROL
campo de control 000041524
005 - FECHA Y HORA DE LA ÚLTIMA TRANSACCIÓN
campo de control 20201002035624.0
008 - DATOS DE LONGITUD FIJA--INFORMACIÓN GENERAL
campo de control de longitud fija 131009s2003 cu af 000 0 spa d
020 ## - NÚMERO INTERNACIONAL ESTÁNDAR DEL LIBRO
Número Internacional Estándar del Libro 8449424097
040 ## - FUENTE DE LA CATALOGACIÓN
Centro catalogador/agencia de origen DO-SdBNP
Lengua de catalogación spa
Centro/agencia transcriptor BNPHU
082 ## - NÚMERO DE LA CLASIFICACIÓN DECIMAL DEWEY
Número de clasificación xxxx
Número de documento/Ítem xxx
100 1# - ENTRADA PRINCIPAL--NOMBRE DE PERSONA
Nombre de persona Leymarie, Isabelle
9 (RLIN) 68248
240 10 - TÍTULO UNIFORME
Título uniforme Cuba et la musique cubaine
245 13 - MENCIÓN DE TÍTULO
Título La música cubana. /
Mención de responsabilidad, etc. Isabelle Leymarie; traducción, Gloria Roset Arissó.
260 ## - PUBLICACIÓN, DISTRIBUCIÓN, ETC.
Lugar de publicación, distribución, etc. La Habana :
Nombre del editor, distribuidor, etc. Oceano,
Fecha de publicación, distribución, etc. 2003.
300 ## - DESCRIPCIÓN FÍSICA
Extensión 95 p. :
Otras características físicas il., lam. ;
Dimensiones 25 cm.
504 ## - NOTA DE BIBLIOGRAFÍA, ETC.
Nota de bibliografía, etc. Bibliografia p: 95
500 ## - NOTA GENERAL
Nota general Incluye glosario
500 ## - NOTA GENERAL
Nota general Incluye datos biografícos de la autora en la solapa de la contraportada
700 1# - PUNTO DE ACCESO ADICIONAL--NOMBRE DE PERSONA
Nombre de persona Roset Arissó, Gloria
Término indicativo de función/relación trad.
9 (RLIN) 2695
Holdings
Estado de retiro Estado de pérdida Restricciones de uso No para préstamo Código de colección Localización permanente Ubicación/localización actual Ubicación en estantería Fecha de adquisición Número de inventario Total de préstamos Signatura topográfica completa Código de barras Fecha visto por última vez Precio válido a partir de Tipo de ítem Koha
      Excluido de préstamo Monografías: Libros y Folletos General General En catalogación 09.10.2013 LF1   xxxx xxx 41524-10 25.06.2020 25.06.2020 No se presta

Powered by Koha